[Event "33rd ECC Women 2017"]
[Site "Antalya TUR"]
[Date "2017.10.09"]
[Round "2.2"]
[Board "4"]
[White "Savina, Anastasia"]
[Black "Kovanova, Baira"]
[Result "1/2-1/2"]
[WhiteTitle "IM"]
[BlackTitle "WGM"]
[WhiteElo "2350"]
[BlackElo "2371"]
[WhiteTeam "Legacy Square Capital"]
[BlackTeam "UGRA Chess Clup"]
[WhiteFideId "4196872"]
[BlackFideId "4164083"]
[EventDate "2017.10.08"]

1. d4 Nf6 2. c4 e6 3. Nc3 Bb4 4. e3 O-O 5. Bd3 d5 6. Ne2 c5 7. cxd5 cxd4 8. exd4
exd5 9. O-O h6 10. Nf4 Nc6 11. Bc2 Ba5 12. a3 Bb6 13. Be3 Ne7 14. h3 Bf5 15. Bb3
Qd6 16. Rc1 a6 17. Nfe2 Ng6 18. Ng3 Be6 19. Bc2 Bc7 20. f4 Rae8 21. Qf3 Bd7 22.
Bd3 Re7 23. Nce2 Nh4 24. Qf2 Rfe8 25. Bd2 a5 26. Rxc7 Qxc7 27. f5 Nxf5 28. Nxf5
Bxf5 29. Qxf5 Rxe2 30. Bxe2 Rxe2 31. Rc1 Qg3 32. Rc8+ Ne8 33. Qxd5 Rxd2 34.
Rxe8+ Kh7 35. Qf5+ Qg6 36. Qxg6+ Kxg6 37. Re5 Rxb2 38. Rxa5 f5 39. d5 Kf6 40. d6
Rd2 41. Rb5 Rxd6 42. Rxb7 1/2-1/2

[Event "33rd ECC Women 2017"]
[Site "Antalya TUR"]
[Date "2017.10.09"]
[Round "2.3"]
[Board "1"]
[White "Mamedjarova, Zeinab"]
[Black "Dzagnidze, Nana"]
[Result "1-0"]
[WhiteTitle "WGM"]
[BlackTitle "GM"]
[WhiteElo "2298"]
[BlackElo "2520"]
[WhiteTeam "Odlar Yurdu"]
[BlackTeam "Batumi Chess Club NONA"]
[WhiteFideId "13401521"]
[BlackFideId "13601903"]
[EventDate "2017.10.08"]

1. d4 Nf6 2. Nf3 d5 3. e3 c5 4. b3 Nc6 5. Bb2 Bg4 6. Be2 e6 7. O-O Bd6 8. dxc5
Bxc5 9. Nbd2 O-O 10. c4 dxc4 11. Nxc4 Qe7 12. Nd4 Bxd4 13. Bxd4 Bf5 14. Bb2 Rfd8
15. Qe1 Nd5 16. a3 e5 17. Rc1 e4 18. Kh1 Rd7 19. f4 exf3 20. Rxf3 Bg6 21. Qg3
Re8 22. b4 a6 23. Qh3 Rdd8 24. Qg3 b5 25. Nb6 Nxe3 26. h3 Nf5 27. Rxf5 Qxe2 28.
Rf2 Qe6 29. Qc3 Ne5 30. Re2 f6 31. Qc5 Bf5 32. Rce1 Bd3 33. Re3 Qf5 34. Nd5 Qd7
35. Nc7 Rc8 36. Nxe8 Rxc5 37. bxc5 Nc6 38. Rd1 h5 39. Rdxd3 Qf5 40. Rg3 Qf1+ 41.
Kh2 h4 42. Nxf6+ Kh8 43. Rg4 gxf6 44. Rf3 Qb1 45. Rxf6 Kh7 46. Rf7+ Kh6 47. Bg7+
Kh5 48. Rf8 1-0

[Event "33rd ECC Women 2017"]
[Site "Antalya TUR"]
[Date "2017.10.09"]
[Round "2.3"]
[Board "2"]
[White "Harika, Dronavalli"]
[Black "Fataliyeva, Ulviyya"]
[Result "1/2-1/2"]
[WhiteTitle "GM"]
[BlackTitle "WIM"]
[WhiteElo "2528"]
[BlackElo "2348"]
[WhiteTeam "Batumi Chess Club NONA"]
[BlackTeam "Odlar Yurdu"]
[WhiteFideId "5015197"]
[BlackFideId "13403052"]
[EventDate "2017.10.08"]

1. c4 Nf6 2. Nc3 e6 3. e4 d5 4. e5 d4 5. exf6 dxc3 6. bxc3 Qxf6 7. Nf3 b6 8. d4
Bb7 9. Bd3 h6 10. O-O Nd7 11. Nd2 Bd6 12. Qg4 Qf4 13. Qh3 Nf6 14. a4 Qg4 15.
Qxg4 Nxg4 16. h3 Nf6 17. a5 O-O 18. Re1 Rfd8 19. Nb3 c5 20. Be3 Rac8 21. Be2 g5
22. Red1 cxd4 23. cxd4 Be4 24. Ra2 Bb4 25. Rc1 Rc6 26. axb6 axb6 27. Ra4 Be7 28.
Ra6 Rdc8 29. Nd2 Bg6 30. Bf3 Rd6 31. Rca1 Bd3 32. Ra7 Bf8 33. Rb7 Rd7 34. Rxb6
Bxc4 35. Nxc4 Rxc4 36. Rc6 Rxc6 37. Bxc6 Rc7 38. Bf3 Kg7 39. g3 Ne8 40. d5 e5
41. Rc1 Rd7 42. Rd1 Nf6 43. Bg2 Kg8 44. Bc1 e4 45. Bb2 Rxd5 46. Rxd5 Nxd5 47.
Bxe4 Nc7 48. Kf1 Bg7 49. Bc1 Nb5 50. Bd3 Nd4 51. Be3 Kf8 52. Kg2 Ke7 53. Bc1 Kd6
54. f4 Bf6 55. Kf2 Ne6 56. Kf3 gxf4 57. gxf4 h5 58. Ba3+ Kd5 59. Bb1 Bc3 60.
Ba2+ Kd4 61. Be7 Kd3 62. Bb1+ Kd2 63. Bh7 Nd4+ 64. Ke4 Ne2 65. h4 Kd1 66. f5 f6
67. Bg6 Ke1 68. Bd6 Kf2 69. Kd5 Ng3 70. Ke6 Kf3 71. Be7 Kg4 72. Bxf6 Bxf6 73.
Kxf6 Nxf5 1/2-1/2

[Event "33rd ECC Women 2017"]
[Site "Antalya TUR"]
[Date "2017.10.09"]
[Round "2.3"]
[Board "3"]
[White "Mammadova, Gulnar"]
[Black "Batsiashvili, Nino"]
[Result "0-1"]
[WhiteTitle "IM"]
[BlackTitle "IM"]
[WhiteElo "2385"]
[BlackElo "2472"]
[WhiteTeam "Odlar Yurdu"]
[BlackTeam "Batumi Chess Club NONA"]
[WhiteFideId "13403508"]
[BlackFideId "13602993"]
[EventDate "2017.10.08"]

1. e4 e5 2. Nf3 Nc6 3. Bc4 Nf6 4. d3 Bc5 5. O-O a6 6. c3 d6 7. Re1 h6 8. Bb3 Ba7
9. Nbd2 O-O 10. h3 Ne7 11. Nf1 Ng6 12. Ng3 c6 13. d4 Re8 14. Bc2 Qc7 15. Be3 Be6
16. Qd2 Rad8 17. Nf5 d5 18. Nxg7 Kxg7 19. Bxh6+ Kh8 20. exd5 Bxd5 21. Bxg6 fxg6
22. Nxe5 Ne4 23. Qc2 Rxe5 24. Bf4 Rf8 25. Bxe5+ Qxe5 26. dxe5 Rxf2 27. Qa4 Ng3
28. Qh4+ Kg7 29. Qe7+ Rf7+ 30. Kh2 Nf1+ 31. Rxf1 Rxe7 32. Rfe1 Bb8 33. Re3 Bxe5+
34. g3 Bf6 35. Rxe7+ Bxe7 36. b3 b5 37. h4 Ba3 38. Re1 a5 39. Re3 Bb2 40. g4 a4
41. Kg3 Kf7 42. h5 g5 43. Kf2 a3 44. Ke2 Bxb3 45. Rf3+ Kg7 46. Kd2 Bxa2 47. Kc2
Be6 48. h6+ Kh7 49. Rf6 Bxg4 50. Rxc6 Bf5+ 51. Kb3 g4 52. Rf6 Bd3 53. Rf4 Be2
54. Re4 Bd1+ 55. Ka2 Kxh6 56. Re1 Bf3 57. Kb3 g3 0-1

[Event "33rd ECC Women 2017"]
[Site "Antalya TUR"]
[Date "2017.10.09"]
[Round "2.3"]
[Board "4"]
[White "Melia, Salome"]
[Black "Balajayeva, Khanim"]
[Result "0-1"]
[WhiteTitle "IM"]
[BlackTitle "WFM"]
[WhiteElo "2412"]
[BlackElo "2319"]
[WhiteTeam "Batumi Chess Club NONA"]
[BlackTeam "Odlar Yurdu"]
[WhiteFideId "13602446"]
[BlackFideId "13406396"]
[EventDate "2017.10.08"]

1. e4 e5 2. Nf3 Nc6 3. Bc4 Nf6 4. d3 Bc5 5. O-O d6 6. c3 O-O 7. h3 a6 8. Bb3 h6
9. Re1 Ba7 10. Nbd2 Ne7 11. Nf1 Ng6 12. Ng3 Be6 13. Bc2 c5 14. d4 Qc7 15. d5 Bd7
16. c4 b5 17. Bd3 Bb6 18. Nh2 Ba5 19. Rf1 Rfb8 20. Ng4 Nxg4 21. hxg4 Nf4 22.
Bxf4 exf4 23. Nh5 bxc4 24. Bxc4 Rxb2 25. Nxf4 Qd8 26. Qf3 Rb4 27. Rac1 Qg5 28.
a3 Ra4 29. Rc2 Bxg4 30. Qe3 Bd8 31. g3 Rb8 32. Qd3 Bc8 33. Rc3 Bf6 34. Rb3 Rxb3
35. Qxb3 Bd7 36. Qb8+ Kh7 37. Bd3 Be5 38. Ne2 Rxa3 39. Qb1 Qg4 40. Kg2 Qh3+ 41.
Kg1 Bg4 42. Nf4 Bxf4 43. e5+ g6 44. Qb7 Bd7 45. e6 Rxd3 0-1

[Event "33rd ECC Women 2017"]
[Site "Antalya TUR"]
[Date "2017.10.09"]
[Round "2.4"]
[Board "1"]
[White "Atalik, Ekaterina"]
[Black "Shvayger, Yuliya"]
[Result "1/2-1/2"]
[WhiteTitle "IM"]
[BlackTitle "WGM"]
[WhiteElo "2468"]
[BlackElo "2442"]
[WhiteTeam "Anatolia"]
[BlackTeam "Beer Sheva Chess Club"]
[WhiteFideId "4130189"]
[BlackFideId "14100126"]
[EventDate "2017.10.08"]

1. d4 Nf6 2. Nf3 g6 3. g3 Bg7 4. Bg2 O-O 5. O-O d6 6. b3 Nbd7 7. Bb2 e5 8. c4
Re8 9. Nc3 c6 10. Rc1 e4 11. Ne1 e3 12. f3 d5 13. cxd5 Nxd5 14. Nxd5 cxd5 15.
Nd3 Nb6 16. Ne5 f6 17. Nd3 Bf5 18. Nc5 Qe7 19. Rc3 h5 20. Bc1 Bh6 21. f4 Be4 22.
Rxe3 f5 23. Nd3 Kh7 24. Ne5 Rec8 25. Bb2 Qb4 26. a3 Qb5 27. Nf7 Rc7 28. Nxh6
Kxh6 29. Rc3 Rxc3 30. Bxc3 Rc8 31. Bb4 Bc2 32. Qd2 Bxb3 33. Qe3 Bc2 34. Qe7 Qe8
35. Qxe8 Rxe8 36. Rc1 Rc8 37. Bc5 Ba4 38. Rb1 Bc6 39. Bxb6 axb6 40. Rxb6 Ra8 41.
Rb3 Ra4 42. e3 Rc4 43. Bf1 Rc2 44. Bb5 h4 45. gxh4 Kh5 46. a4 Kg4 47. Bxc6 bxc6
48. Ra3 Kf3 49. Ra1 Kxe3 50. a5 Rb2 51. a6 Rb8 52. a7 Ra8 53. Ra4 Kxf4 54. Kf2
Kg4 55. Ra6 Kxh4 56. Kf3 Kg5 57. Kg3 f4+ 58. Kf3 Kf5 59. Ra3 Kg5 60. Ra1 Kf5 61.
h3 Kg5 62. Ra2 1/2-1/2

[Event "33rd ECC Women 2017"]
[Site "Antalya TUR"]
[Date "2017.10.09"]
[Round "2.4"]
[Board "3"]
[White "Isgandarova, Khayala"]
[Black "Brusilovski, Lena"]
[Result "1/2-1/2"]
[WhiteTitle "WIM"]
[WhiteElo "2242"]
[BlackElo "1881"]
[WhiteTeam "Anatolia"]
[BlackTeam "Beer Sheva Chess Club"]
[WhiteFideId "13401823"]
[BlackFideId "2803216"]
[EventDate "2017.10.08"]

1. e4 c5 2. Nf3 d6 3. d4 cxd4 4. Nxd4 Nf6 5. f3 Nc6 6. c4 a6 7. Nc3 e6 8. Nc2
Qc7 9. Be3 Ne5 10. Qd4 Be7 11. Be2 Bd7 12. Rc1 Rc8 13. Na3 O-O 14. O-O Rfd8 15.
Rfd1 Be8 16. Qd2 Nfd7 17. f4 Nc6 18. Bf1 Nc5 19. Qf2 b6 20. Nab1 Nb8 21. b4 Ncd7
22. Na4 Nc5 23. bxc5 Bxa4 24. cxd6 Bxd6 25. Bxb6 Qc6 26. Rd2 Nd7 27. Rxd6 Qxd6
28. Bxd8 Rxd8 29. c5 Qc6 30. Qd4 Rc8 31. Kh1 Nxc5 32. Nd2 h6 33. Nf3 Bb5 34. Ne5
Qe8 35. Bxb5 Qxb5 36. Nd3 Nxd3 37. Rxc8+ Kh7 38. g3 Qb1+ 39. Kg2 Qxa2+ 40. Kg1
Qe2 41. Rd8 Ne1 42. Qf2 Nf3+ 43. Kg2 Ne1+ 44. Kg1 Nf3+ 45. Kg2 1/2-1/2

[Event "33rd ECC Women 2017"]
[Site "Antalya TUR"]
[Date "2017.10.09"]
[Round "2.5"]
[Board "2"]
[White "Haussernot, Cecile"]
[Black "Ince, Safiye Oyku"]
[Result "1-0"]
[WhiteTitle "WFM"]
[BlackTitle "WCM"]
[WhiteElo "2169"]
[BlackElo "1861"]
[WhiteTeam "Mulhouse Philidor"]
[BlackTeam "Mediterranean"]
[WhiteFideId "601632"]
[BlackFideId "6391222"]
[EventDate "2017.10.08"]

1. e4 c5 2. Nf3 e6 3. d4 cxd4 4. Nxd4 Nc6 5. Nc3 Qc7 6. Be3 a6 7. a3 Nf6 8. f4
d6 9. Qf3 Nxd4 10. Bxd4 e5 11. fxe5 dxe5 12. Qg3 Bd6 13. Qxg7 exd4 14. Qxh8+ Ke7
15. Qxf6+ Kxf6 16. Nd5+ Ke5 17. Nxc7 Bxc7 18. Bd3 Be6 19. O-O Rg8 20. Rf3 Bd8
21. Raf1 Rg7 22. Kh1 Be7 23. b4 b5 24. c3 dxc3 25. Bc2 a5 26. bxa5 Bxa3 27. Rxc3
Bb4 28. Rc6 Bxa5 29. Rc5+ Kd4 30. Rxb5 Bc4 31. Rd1+ Kc3 32. Rxa5 Kxc2 33. Raa1
Rg5 34. Rac1+ Kb3 35. Rd7 Be6 36. Rb7+ Ka2 37. Rc6 Ra5 38. Kg1 Ra4 39. Kf2 Ka3
40. Ke3 Ra8 41. Rxe6 1-0

[Event "33rd ECC Women 2017"]
[Site "Antalya TUR"]
[Date "2017.10.09"]
[Round "2.5"]
[Board "3"]
[White "Can, Isil"]
[Black "Choisy, Mathilde"]
[Result "1/2-1/2"]
[WhiteTitle "WCM"]
[BlackTitle "WFM"]
[WhiteElo "1791"]
[BlackElo "2162"]
[WhiteTeam "Mediterranean"]
[BlackTeam "Mulhouse Philidor"]
[WhiteFideId "34505733"]
[BlackFideId "634565"]
[EventDate "2017.10.08"]

1. e4 d6 2. d4 Nf6 3. Nc3 g6 4. Nf3 Bg7 5. Bd3 O-O 6. Ne2 c5 7. c3 Bg4 8. d5
Bxf3 9. gxf3 e6 10. Bc4 exd5 11. Bxd5 Nxd5 12. Qxd5 Nc6 13. Bf4 Be5 14. O-O-O
Bxf4+ 15. Nxf4 Ne5 16. h4 Qf6 17. Qd2 Nxf3 18. Nd5 Nxd2 19. Nxf6+ Kg7 20. Rxd2
Kxf6 21. Rxd6+ Ke7 22. Rhd1 Rad8 23. Rxd8 Rxd8 24. Rxd8 Kxd8 25. Kd2 Kd7 26. Kd3
Kd6 27. c4 f6 28. f4 h6 29. Ke3 a6 30. b3 g5 31. Kf3 Ke6 32. Kg4 gxf4 33. Kxf4
h5 34. Kf3 Ke5 35. Ke3 b6 36. a3 a5 37. a4 1/2-1/2

[Event "33rd ECC Women 2017"]
[Site "Antalya TUR"]
[Date "2017.10.09"]
[Round "2.6"]
[Board "2"]
[White "Ayan, Bengu Sena"]
[Black "Caglar, Sila"]
[Result "1-0"]
[WhiteTitle "WFM"]
[BlackTitle "WFM"]
[WhiteElo "1888"]
[BlackElo "2153"]
[WhiteTeam "Aegean"]
[BlackTeam "Marmara"]
[WhiteFideId "6346120"]
[BlackFideId "6364063"]
[EventDate "2017.10.08"]

1. d4 Nf6 2. c4 e5 3. dxe5 Ng4 4. Bf4 g5 5. Bg3 Bg7 6. e3 Nxe5 7. Nc3 Nbc6 8.
Be2 d6 9. Nf3 Be6 10. Qa4 O-O 11. h4 g4 12. Nd4 Bd7 13. Qc2 Nxd4 14. exd4 Nc6
15. O-O Nxd4 16. Qd2 Bf5 17. Nd5 Re8 18. Ne3 h5 19. Bd3 Bd7 20. Nd5 Nf5 21. Bxf5
Bxf5 22. Rfe1 Be6 23. Nf4 Bxc4 1-0

[Event "33rd ECC Women 2017"]
[Site "Antalya TUR"]
[Date "2017.10.10"]
[Round "3.1"]
[Board "1"]
[White "Zhukova, Natalia"]
[Black "Mamedjarova, Zeinab"]
[Result "1-0"]
[WhiteTitle "GM"]
[BlackTitle "WGM"]
[WhiteElo "2426"]
[BlackElo "2298"]
[WhiteTeam "Bossa Nova"]
[BlackTeam "Odlar Yurdu"]
[WhiteFideId "14101513"]
[BlackFideId "13401521"]
[EventDate "2017.10.08"]

1. d4 d5 2. c4 dxc4 3. e4 Nf6 4. e5 Nd5 5. Bxc4 Nb6 6. Bb3 Nc6 7. Ne2 Bf5 8.
Nbc3 e6 9. O-O Nb4 10. Ng3 Bg6 11. a3 N4d5 12. f4 Ne7 13. d5 Qc8 14. Qf3 h5 15.
dxe6 fxe6 16. Be3 h4 17. Nge4 Bf5 18. Rac1 Nc6 19. Nb5 Be7 20. Bc5 a6 21. Bxe7
Kxe7 22. Rxc6 bxc6 23. Nd4 Qd7 24. Rd1 Bxe4 25. Qxe4 Nd5 26. f5 exf5 27. Nxf5+
Kf8 28. e6 Qe8 29. Rxd5 cxd5 30. e7+ Kf7 31. Bxd5+ Kf6 32. Qe6+ Kg5 33. Qe5 Kg6
34. Be4 Kf7 35. Bd5+ Kg6 36. Be4 Kf7 37. Qxg7+ Ke6 38. Nd4+ Kd6 39. Qf6+ Kc5 40.
Ne6+ 1-0

[Event "33rd ECC Women 2017"]
[Site "Antalya TUR"]
[Date "2017.10.10"]
[Round "3.2"]
[Board "1"]
[White "Kashlinskaya, Alina"]
[Black "Paehtz, Elisabeth"]
[Result "0-1"]
[WhiteTitle "IM"]
[BlackTitle "IM"]
[WhiteElo "2455"]
[BlackElo "2453"]
[WhiteTeam "Legacy Square Capital"]
[BlackTeam "Cs Studentesc Medicina Timisoara"]
[WhiteFideId "4198026"]
[BlackFideId "4641833"]
[EventDate "2017.10.08"]

1. d4 d6 2. Nf3 g6 3. c4 Bg7 4. e4 e5 5. Nc3 Bg4 6. d5 a5 7. h3 Bd7 8. Bg5 f6 9.
Be3 Bh6 10. Qd2 Bxe3 11. Qxe3 Na6 12. Nd2 Qb8 13. Rc1 Ne7 14. h4 h5 15. g3 Qa7
16. Qf3 Bg4 17. Qg2 c6 18. Be2 Bxe2 19. Nxe2 Nb4 20. O-O Nxa2 21. Ra1 Nb4 22.
Qh3 f5 23. Nb3 cxd5 24. Rxa5 Na6 25. cxd5 Qb6 26. Ra3 O-O 27. Nc3 Rac8 28. exf5
Rxf5 29. Ne4 Nb4 30. Nbd2 Nbxd5 31. Rd3 Qa6 32. Rf3 Rcf8 33. Ra3 Qc6 34. Rfa1
Nf6 35. Rc3 Qd5 36. Qg2 Nxe4 37. Nxe4 Qd4 38. Rc7 d5 39. Rxe7 dxe4 40. Re1 Rxf2
41. Qxe4 Rf1+ 42. Kg2 Qxe4+ 0-1

[Event "33rd ECC Women 2017"]
[Site "Antalya TUR"]
[Date "2017.10.10"]
[Round "3.2"]
[Board "2"]
[White "Sandu, Mihaela"]
[Black "Kovalevskaya, Ekaterina"]
[Result "0-1"]
[WhiteTitle "WGM"]
[BlackTitle "IM"]
[WhiteElo "2278"]
[BlackElo "2411"]
[WhiteTeam "Cs Studentesc Medicina Timisoara"]
[BlackTeam "Legacy Square Capital"]
[WhiteFideId "1204327"]
[BlackFideId "4116704"]
[EventDate "2017.10.08"]

1. e4 e5 2. Nf3 Nc6 3. Bc4 Bc5 4. d3 Nf6 5. Bb3 O-O 6. O-O d5 7. exd5 Nxd5 8.
Nbd2 Bg4 9. h3 Bh5 10. Ne4 Bxf3 11. Qxf3 Nd4 12. Qd1 Bb6 13. c3 Nxb3 14. axb3 c6
15. b4 f5 16. Nc5 Qe7 17. Qb3 Rae8 18. Bd2 Rf7 19. Rae1 Bxc5 20. bxc5 Qxc5 21.
d4 Qb6 22. Qxb6 Nxb6 23. dxe5 Nc4 24. Be3 f4 25. e6 Rf6 26. Bc1 f3 27. gxf3
Rfxe6 28. Rxe6 Rxe6 29. Rd1 Rd6 30. Rxd6 Nxd6 31. Kf1 Kf7 32. Ke2 Ke6 33. Kd3
Kd5 34. Bg5 a5 35. b3 b5 36. Be7 g6 37. Bf8 c5 38. Be7 c4+ 39. bxc4+ Nxc4 40.
Kc2 Ne5 41. f4 Nc6 42. Bf8 Kc4 43. h4 h5 44. Bg7 Ne7 45. Bf6 Nf5 46. Bd8 a4 47.
Bg5 Nd6 48. f3 Nf5 49. Bf6 Ne3+ 50. Kb2 Ng2 51. Bg5 Ne1 52. Be7 Nd3+ 53. Kc2
Nxf4 54. Bf6 Nd3 0-1

[Event "33rd ECC Women 2017"]
[Site "Antalya TUR"]
[Date "2017.10.10"]
[Round "3.3"]
[Board "1"]
[White "Dzagnidze, Nana"]
[Black "Ushenina, Anna"]
[Result "1-0"]
[WhiteTitle "GM"]
[BlackTitle "GM"]
[WhiteElo "2520"]
[BlackElo "2445"]
[WhiteTeam "Batumi Chess Club NONA"]
[BlackTeam "UGRA Chess Clup"]
[WhiteFideId "13601903"]
[BlackFideId "14110911"]
[EventDate "2017.10.08"]

1. c4 Nf6 2. Nf3 c5 3. g3 d5 4. cxd5 Nxd5 5. d4 cxd4 6. Bg2 Qa5+ 7. Nbd2 Nc6 8.
O-O e5 9. Nc4 Qc7 10. e3 d3 11. Nfxe5 Nxe5 12. Bxd5 Nxc4 13. Qa4+ Bd7 14. Qxc4
Qxc4 15. Bxc4 O-O-O 16. Bd2 f6 17. Bc3 Bg4 18. Bd4 Be2 19. Bxa7 Bxf1 20. Kxf1
Rd6 21. Bd4 d2 22. Rd1 Rc6 23. Bd3 Rc1 24. Ke2 Bb4 25. a3 Bc5 26. Bxc5 Rxc5 27.
Rxd2 g6 28. b3 Rd8 29. a4 Rc1 30. h4 Kc7 31. Ra2 Rc3 32. Bc4 Rc1 33. a5 Rd6 34.
a6 bxa6 35. Bxa6 Kb6 36. Bc4 Rcd1 37. e4 Kc5 38. Bd5 Rb1 39. Ra7 h5 40. Rc7+ Kb4
41. Ke3 f5 42. Kf4 fxe4 43. Bxe4 Rf1 44. f3 Rg1 45. Rc6 Rxc6 46. Bxc6 Kxb3 47.
Be8 Ra1 48. Bxg6 Ra5 49. g4 hxg4 50. fxg4 Kc4 51. h5 Kd5 52. h6 Ke6 53. h7 Ra8
54. Kg5 Rb8 55. Kh6 Kf6 56. g5+ Ke5 57. Bc2 Rc8 58. Bb3 Kf5 59. Bg8 Rc6+ 60. Kg7
Rc7+ 61. Bf7 Rc8 62. g6 Kg5 63. h8=Q 1-0

[Event "33rd ECC Women 2017"]
[Site "Antalya TUR"]
[Date "2017.10.10"]
[Round "3.3"]
[Board "2"]
[White "Pogonina, Natalija"]
[Black "Harika, Dronavalli"]
[Result "1/2-1/2"]
[WhiteTitle "WGM"]
[BlackTitle "GM"]
[WhiteElo "2466"]
[BlackElo "2528"]
[WhiteTeam "UGRA Chess Clup"]
[BlackTeam "Batumi Chess Club NONA"]
[WhiteFideId "4147855"]
[BlackFideId "5015197"]
[EventDate "2017.10.08"]

1. d4 Nf6 2. Nf3 e6 3. c4 d5 4. g3 Bb4+ 5. Bd2 Be7 6. Bg2 O-O 7. O-O Nbd7 8. Qc2
c6 9. Bf4 b6 10. cxd5 cxd5 11. Rc1 Bb7 12. Qb3 Rc8 13. Rxc8 Qxc8 14. Nc3 Qc4 15.
Qxc4 dxc4 16. Nd2 Bxg2 17. Kxg2 Nd5 18. Nxd5 exd5 19. e4 dxe4 20. Nxe4 Nf6 21.
Nxf6+ Bxf6 22. Be3 Rd8 23. Kf3 g6 24. Rc1 b5 25. b3 cxb3 26. axb3 a5 27. Ke4 Ra8
28. Kd5 a4 29. Ra1 Rd8+ 30. Kc5 Be7+ 31. Kc6 a3 32. Kxb5 Rb8+ 33. Kc4 Rc8+ 34.
Kd3 Rb8 35. Kc2 Rc8+ 36. Kd3 Rb8 37. Rb1 f5 38. Bd2 a2 39. Ra1 Rxb3+ 40. Kc2 Ra3
41. Kb2 Kf7 42. Rxa2 Rxa2+ 43. Kxa2 Ke6 44. Kb3 Kd5 45. Be3 g5 46. f3 g4 47.
fxg4 fxg4 48. Kc3 Bf6 49. Kd3 Bg7 50. Bf2 Bf6 51. Be3 1/2-1/2

[Event "33rd ECC Women 2017"]
[Site "Antalya TUR"]
[Date "2017.10.10"]
[Round "3.3"]
[Board "3"]
[White "Batsiashvili, Nino"]
[Black "Girya, Olga"]
[Result "1-0"]
[WhiteTitle "IM"]
[BlackTitle "WGM"]
[WhiteElo "2472"]
[BlackElo "2505"]
[WhiteTeam "Batumi Chess Club NONA"]
[BlackTeam "UGRA Chess Clup"]
[WhiteFideId "13602993"]
[BlackFideId "4195752"]
[EventDate "2017.10.08"]

1. d4 Nf6 2. Bf4 d5 3. e3 c5 4. c3 Nc6 5. Nd2 e6 6. Ngf3 Bd6 7. Ne5 Qc7 8. Ndf3
Nd7 9. Nxd7 Bxd7 10. Bg3 Bxg3 11. hxg3 Qd6 12. Bb5 O-O-O 13. Qa4 a6 14. Bxc6
Bxc6 15. Qc2 h6 16. dxc5 Qxc5 17. b4 Qd6 18. a4 Kb8 19. Qb3 Bd7 20. b5 Rc8 21.
bxa6 Qxa6 22. Rh4 Rc4 23. Ne5 Rxh4 24. Nxd7+ Kc7 25. Nc5 Rh1+ 26. Kd2 Rxa1 27.
Nxa6+ bxa6 28. Qb4 Rb8 29. Qc5+ Kb7 30. e4 dxe4 31. Qe7+ Kc6 32. Qxf7 Rd8+ 33.
Kc2 Rd6 34. Kb3 Kc5 35. Qc7+ Rc6 36. Qe5+ Kb6 37. Qd4+ Kb7 38. Qxg7+ Rc7 39.
Qxh6 Rb1+ 40. Kc2 Rb6 41. a5 Rbc6 42. Qe3 Kc8 43. g4 Kd7 44. g5 Ke7 45. Qd4 Rc4
46. Qe5 R4c5 47. Qf6+ Kd6 48. g6 Rf5 49. Qd4+ Ke7 50. g4 Rfc5 51. Qg7+ Kd6 52.
Qf6 Rxa5 53. g7 1-0

[Event "33rd ECC Women 2017"]
[Site "Antalya TUR"]
[Date "2017.10.10"]
[Round "3.3"]
[Board "4"]
[White "Nechaeva, Marina"]
[Black "Khotenashvili, Bela"]
[Result "1-0"]
[WhiteTitle "IM"]
[BlackTitle "GM"]
[WhiteElo "2431"]
[BlackElo "2459"]
[WhiteTeam "UGRA Chess Clup"]
[BlackTeam "Batumi Chess Club NONA"]
[WhiteFideId "4149351"]
[BlackFideId "13602640"]
[EventDate "2017.10.08"]

1. d4 Nf6 2. c4 g6 3. Nf3 Bg7 4. g3 O-O 5. Bg2 d6 6. O-O Nc6 7. Nc3 e5 8. dxe5
dxe5 9. Bg5 Be6 10. Nd2 Qb8 11. Bxf6 Bxf6 12. Nde4 Be7 13. Nd5 Bxd5 14. cxd5 Nd4
15. Rc1 a5 16. e3 Nb5 17. Nc5 Rd8 18. Qa4 Nd6 19. Nd7 b5 20. Nxb8 bxa4 21. Nc6
Re8 22. Nxe5 Bf6 23. Nd3 Ra7 24. Rc2 Nb5 25. a3 Nd6 26. Nc5 h5 27. Rfc1 Re7 28.
Nxa4 h4 29. Nc5 g5 30. Bh3 hxg3 31. hxg3 Bg7 32. Bf1 Bf6 33. b3 Kg7 34. Na6 Rb7
35. b4 axb4 36. axb4 Ne8 37. b5 Ra7 38. Bg2 Rd7 39. Nb8 Rd6 40. Nc6 Ra3 41. e4
Rb3 42. e5 Rxc6 43. Rxc6 Bxe5 44. Re1 f6 45. Re6 Kf8 46. Rxe8+ Kxe8 47. f4 gxf4
48. gxf4 Rxb5 49. fxe5 fxe5 50. Rxe5+ Kd7 51. Kf2 Kd8 52. Re6 Rb3 53. Bf3 Kd7
54. Kg3 Rb4 55. Rf6 Ke7 56. Rf4 Rb5 57. Kg4 Rc5 58. Ra4 Kd7 59. Kf4 Rc3 60. Ra6
Rb3 61. Be4 Rb2 62. Ke5 Re2 63. Kd4 Rf2 64. Kc5 Rf1 65. Ra2 Rc1+ 66. Rc2 Rf1 67.
Bd3 Rg1 68. Bb5+ Kd8 69. Re2 Rc1+ 70. Kd4 Rd1+ 71. Kc3 Kc8 72. Bc6 Kb8 73. Ra2 1-0

[Event "33rd ECC Women 2017"]
[Site "Antalya TUR"]
[Date "2017.10.10"]
[Round "3.4"]
[Board "1"]
[White "Richard, Emma"]
[Black "Atalik, Ekaterina"]
[Result "0-1"]
[WhiteTitle "WFM"]
[BlackTitle "IM"]
[WhiteElo "2086"]
[BlackElo "2468"]
[WhiteTeam "Mulhouse Philidor"]
[BlackTeam "Anatolia"]
[WhiteFideId "657590"]
[BlackFideId "4130189"]
[EventDate "2017.10.08"]

1. e4 c6 2. Nc3 d5 3. Nf3 Bg4 4. h3 Bxf3 5. Qxf3 e6 6. a3 Qb6 7. g3 Nd7 8. Bg2
Ngf6 9. exd5 cxd5 10. Qe2 Be7 11. O-O Rc8 12. a4 O-O 13. a5 Qa6 14. Qxa6 bxa6
15. d4 Nb8 16. Rd1 Bb4 17. Bd2 Nc6 18. Ra4 Rb8 19. Bf4 Rb7 20. Na2 Bxa5 21. b4
Bc7 22. Bxc7 Rxc7 23. Rxa6 Nb8 24. Ra4 Rxc2 25. Rxa7 Nc6 26. Ra4 Rb2 27. Nc3
Rxb4 28. Ra6 Rc8 29. Ne2 Ne7 30. g4 g5 31. f4 gxf4 32. Nxf4 Ng6 33. Rf1 Nxf4 34.
Rxf4 Nd7 35. Kh2 Ne5 36. Bf1 Rc2+ 37. Kg1 Rxd4 38. Rf2 Rdd2 39. Rf4 Ng6 40. Rf3
Nh4 41. Rf4 Rc3 0-1

[Event "33rd ECC Women 2017"]
[Site "Antalya TUR"]
[Date "2017.10.10"]
[Round "3.5"]
[Board "1"]
[White "Shvayger, Yuliya"]
[Black "Okuyaz, Duru"]
[Result "1-0"]
[WhiteTitle "WGM"]
[BlackTitle "WFM"]
[WhiteElo "2442"]
[BlackElo "2233"]
[WhiteTeam "Beer Sheva Chess Club"]
[BlackTeam "Marmara"]
[WhiteFideId "14100126"]
[BlackFideId "6346022"]
[EventDate "2017.10.08"]

1. d4 d5 2. Bf4 Nf6 3. e3 e6 4. Nf3 c5 5. c3 Nc6 6. Nbd2 Bd6 7. Bg3 Bxg3 8. hxg3
Qb6 9. Qc2 h6 10. Be2 Bd7 11. O-O O-O 12. Rac1 Rac8 13. Qb1 Ne7 14. Rfe1 Nf5 15.
Bd3 Nd6 16. Ne5 Qc7 17. f4 Bb5 18. Bc2 Qe7 19. g4 cxd4 20. exd4 Nd7 21. Ndf3 Nc4
22. g5 Ndxe5 23. fxe5 hxg5 24. Bh7+ Kh8 25. Kf2 g6 26. Rh1 Kg7 27. Rh2 Rh8 28.
Rch1 Kf8 29. Bxg6 Rxh2 30. Rxh2 Ke8 31. Rh7 Kd8 32. Rxf7 Qe8 33. Qc1 Bd7 34. b3
Nb6 35. Qa3 1-0